Die (auto-) biographischen Inschriften des ägyptischen Alten Reiches : Untersuchungen zu Phraseologie und Entwicklung /

محفوظ في:

المؤلف الرئيسي: Kloth, Nicole (مؤلف)

التنسيق: كتاب

اللغة: German
Ancient Egyptian

منشور في: Hamburg : Helmut Buske Verlag, 2002.

سلاسل: Studien zur altagyptischen Kultur. Beihefte ; 8.
SAK (Beihefte) ; 8.

الموضوعات:

الوسوم: إضافة وسم

لا توجد وسوم, كن أول من يضع وسما على هذه التسجيلة!

رقم الطلب: DT57 .S925 v.8

LEADER 01069namaa2200301 4500
001 13364
003 OSt
005 20260422102507.0
008 130303s2002 gw a 000 0 ger d
020 |a 3875483103 
040 |c ARCE Library 
041 1 |a ger  |a egy  |h egy 
043 |a f-ua---  
050 4 |a DT57 .S925 v.8 
100 1 |a Kloth, Nicole,  |e author  |9 34041 
245 1 4 |a Die (auto-) biographischen Inschriften des ägyptischen Alten Reiches :   |b Untersuchungen zu Phraseologie und Entwicklung /   |c Nicole Kloth.  
264 1 |a Hamburg :  |b Helmut Buske Verlag,  |c 2002. 
300 |a xii, 333 pages :  |b illustrations ;  |c 27 cm. 
490 1 |a Studien zur altagyptischen Kultur. Beihefte ;   |v 8. 
490 1 |a SAK (Beihefte) ;   |v 8. 
650 0 |a Inscriptions, Egyptian. 
651 0 |a Egypt  |x Officials and employees  |v Biography. 
651 0 |a Egypt   |x History   |y Old Kingdom, ca. 2686-ca. 2181 B.C.   |v Sources. 
830 0 |a Studien zur altagyptischen Kultur.   |p Beihefte ;   |v 8. 
830 0 |a SAK (Beihefte) ;   |v 8. 
901 |a reviewed 
942 |c BK  |2 lcc 
999 |c 13261  |d 13261